[Event "OHRA B tournament"]
[Site "Brussels"]
[Date "1986.12.??"]
[Round "3"]
[White "Moulin, Pierre"]
[Black "Pein, Malcolm Bernard"]
[Result "0-1"]
[WhiteElo "2310"]
[BlackElo "2340"]
[EventDate "1986.12.13"]
[BlackTitle "IM"]
[Source "365chess.com"]

1. e4 e5 2. Nf3 Nc6 3. Bb5 Bc5 4. O-O Nge7 5. c3 Bb6 6. d4 exd4 7. cxd4 d5
8. exd5 Nxd5 9. Re1+ Be6 10. Bg5 Qd6 11. Nc3 Nxc3 12. bxc3 O-O 13. a4 Na5
14. Nd2 c6 15. Bd3 f5 16. Qh5 c5 17. Qh4 Bd8 18. Nf3 h6 19. Bf4 Qd7 20. Qg3 Rf6
21. Ne5 Qd5 22. Rad1 cxd4 23. Bb5 Bb6 24. Ng6 Kh7 25. Ne7 Qd8 26. cxd4 Qxe7
27. d5 Rd8 28. Qh3 Nc6 29. Bg5 Rxd5 30. Rxd5 Qb4 31. Rdd1 Rg6 32. Bd2 Qb3
33. Qxb3 Bxb3 34. Rc1 Bd5 35. g3 Nd4 36. Be2 Bf3 37. Bd3 Bc6 38. Be3 Nf3+
39. Kf1 Nxh2+ 40. Ke2 Bf3+ 41. Kd2 Ba5+ 42. Kc2 Rc6+ 43. Kb2 Bxe1 44. Rxe1 Be4
45. Be2 b6 46. Bd4 Rc2+ 47. Kb3 Rc7 48. Ra1 Nf3 49. Bxf3 Bxf3 50. a5 Bd5+
51. Kb2 Rd7 52. axb6 axb6 53. Kc3 b5 54. Ra5 Rc7+ 55. Kd2 Bc4 56. f4 Re7 57. Be5
Rd7+ 58. Ke3 Kg6 59. Ra6+ Kh5 60. Rd6 Rxd6 61. Bxd6 Kg4 62. Kf2 g5 63. fxg5 hxg5
64. Ke3 Bf7 0-1

[Event "OHRA B tournament"]
[Site "Brussels"]
[Date "1986.12.??"]
[Round "3"]
[White "Pergericht, Daniel"]
[Black "Goormachtigh, Johan"]
[Result "1-0"]
[WhiteElo "2345"]
[BlackElo "2335"]
[EventDate "1986.12.13"]
[BlackTitle "FM"]
[Source "365chess.com"]

1. d4 Nf6 2. c4 e6 3. g3 Bb4+ 4. Bd2 Bxd2+ 5. Qxd2 d5 6. Bg2 Qe7 7. Nf3 O-O
8. O-O Nbd7 9. e3 c6 10. Na3 a5 11. Rfc1 Ne4 12. Qe2 f5 13. Ne1 Ndf6 14. Nd3 Bd7
15. f3 Nd6 16. c5 Nf7 17. f4 Ne4 18. Nb1 Kh8 19. Nc3 Rg8 20. b3 g5 21. a3 Qf6
22. Bxe4 fxe4 23. Ne5 Nxe5 24. fxe5 Qh6 25. Rf1 Raf8 26. Rxf8 Rxf8 27. Rf1 Kg8
28. Rxf8+ Kxf8 29. Qf2+ Ke7 30. Kg2 Be8 31. g4 Qg7 32. Ne2 h5 33. h3 h4 34. Qe1
Qf8 35. Ng1 Kd7 36. Qxa5 Bg6 37. Qa7 Kc7 38. b4 Bf5 39. b5 cxb5 40. gxf5 exf5
41. Qb6+ Kc8 42. Qe6+ Kc7 43. Qxd5 1-0

[Event "OHRA B tournament"]
[Site "Brussels"]
[Date "1986.12.??"]
[Round "3"]
[White "Winants, Luc"]
[Black "Abramović, Boško"]
[Result "1-0"]
[WhiteElo "2350"]
[BlackElo "2445"]
[EventDate "1986.12.13"]
[WhiteTitle "IM"]
[BlackTitle "GM"]
[Source "365chess.com"]

1. d4 d5 2. Nf3 Nf6 3. e3 c5 4. c3 Nbd7 5. Nbd2 g6 6. Qa4 cxd4 7. exd4 Bg7 8. 
Bd3 O-O 9. O-O Ne8 10. Re1 Nd6 11. Qc2 Nb6 12. Nf1 Bf5 13. Ng3 Bxd3 14. Qxd3 Re8
 15. h4 Qc8 16. h5 Nf5 17. hxg6 hxg6 18. Ng5 Bf6 19. Bf4 Kg7 20. Re2 Rh8 21. Rae1
 Nc4 22. b3 Ncd6 23. Be5 Rh4 24. Qf3 Nxg3 25. fxg3 Rh5 26. Bxf6+ exf6 27. Nh3 Ne4
 28. c4 Qh8 29. cxd5 Ng5 30. Nxg5 Rxg5 31. Re7 Qh6 32. d6 Rh5 33. Rxf7+ Kg8 34.
 Re3 Rf5 35. Qe4 Rd8 36. Rxb7 Qf8 37. Qc6 Kh8 38. g4 Rf4 39. Rh3+ 1-0

[Event "OHRA B tournament"]
[Site "Brussels"]
[Date "1986.12.??"]
[Round "4"]
[White "Boey, Jozef Martin"]
[Black "Kouatly, Bachar"]
[Result "1-0"]
[WhiteElo "2390"]
[BlackElo "2430"]
[EventDate "1986.12.13"]
[WhiteTitle "IM"]
[BlackTitle "IM"]
[Source "365chess.com"]

1. e4 c5 2. Nf3 Nc6 3. d4 cxd4 4. Nxd4 Nf6 5. Nc3 e5 6. Ndb5 d6 7. Bg5 a6
8. Na3 b5 9. Nd5 Be7 10. Nxe7 Nxe7 11. Bxf6 gxf6 12. Bd3 f5 13. Qh5 fxe4
14. Bxe4 d5 15. Qxe5 O-O 16. O-O-O Be6 17. Qg5+ Ng6 18. Qxd8 Raxd8 19. Bxg6 fxg6
20. Rhe1 Rd6 21. f3 d4 22. c3 b4 23. Nc2 bxc3 24. bxc3 d3 25. Nd4 Bc4 26. Kd2
Bxa2 27. Kxd3 Rb6 28. Re7 a5 29. Rd2 Bb1+ 30. Ke3 Ra8 31. Ne6 a4 32. Nc7 Rf8
33. Rdd7 g5 34. Nd5 Rb2 35. Rb7 Rxb7 36. Rxb7 Bc2 37. Ra7 Rd8 38. Kd4 Bb3 39. c4
Kf8 40. h3 Rc8 41. Nb6 Rd8+ 42. Kc3 Re8 43. Nd7+ Ke7 44. Nc5+ Kd6 45. Nxb3 axb3
46. Kxb3 Re3+ 47. Kb4 Re2 48. g4 Rb2+ 49. Kc3 Rf2 50. Rf7 Ke6 51. Rf5 h6 52. Kd4
Rh2 53. c5 Rxh3 54. c6 Rh1 55. Rc5 Rd1+ 56. Ke4 Re1+ 57. Kd4 Rd1+ 58. Ke3 Rd8
59. c7 Rc8 60. Ke4 Kd7 61. Kf5 Rf8+ 62. Kg6 Kc8 63. Rc3 1-0

[Event "OHRA B tournament"]
[Site "Brussels"]
[Date "1986.12.??"]
[Round "4"]
[White "Defize, Alain"]
[Black "Flear, Glenn Curtis"]
[Result "1/2-1/2"]
[WhiteElo "2330"]
[BlackElo "2505"]
[EventDate "1986.12.13"]
[WhiteTitle "FM"]
[BlackTitle "IM"]
[Source "365chess.com"]

1. Nf3 f5 2. g3 Nf6 3. Bg2 g6 4. O-O Bg7 5. c4 O-O 6. Nc3 d6 7. Rb1 e5 8. d3 a5
9. a3 h6 10. b4 axb4 11. axb4 g5 12. Ne1 Nc6 13. Nc2 Ne7 14. b5 f4 15. Nb4 Nf5
16. Ncd5 Ng4 17. e3 Ne7 18. b6 c6 19. Nxe7+ Qxe7 20. Nxc6 bxc6 21. b7 Bxb7
22. Qxg4 fxg3 23. hxg3 Ra2 24. Rb2 Rxb2 25. Bxb2 Qf7 26. Qe2 h5 27. f4 exf4
28. exf4 Re8 29. Qd2 gxf4 30. Bxg7 Qxg7 31. Qxf4 d5 32. cxd5 cxd5 33. Qf6 Qxf6
34. Rxf6 Re1+ 35. Kf2 Ra1 36. Bf3 Kg7 37. Rd6 Ra2+ 38. Ke3 d4+ 39. Rxd4 Bxf3
40. Kxf3 Kg6 41. Rd6+ Kf5 42. Rd5+ Kg6 43. Rd8 Rd2 44. Ke4 Re2+ 45. Kf3 Rd2
46. d4 Kf5 47. Rf8+ Kg5 48. Ke3 Rd1 49. Rf4 Ra1 50. Rf3 Kg4 51. Ke4 Ra8 52. Rd3
Re8+ 53. Kd5 Kf5 54. Kc6 Ke4 55. Rd1 Rc8+ 56. Kd7 Rg8 57. d5 1/2-1/2

[Event "OHRA B tournament"]
[Site "Brussels"]
[Date "1986.12.??"]
[Round "4"]
[White "Goormachtigh, Johan"]
[Black "Kerkhof, Philippe"]
[Result "1/2-1/2"]
[WhiteElo "2335"]
[BlackElo "2215"]
[EventDate "1986.12.13"]
[WhiteTitle "FM"]
[Source "365chess.com"]

1. d4 Nf6 2. Nf3 g6 3. Bg5 Bg7 4. Nbd2 O-O 5. e4 d6 6. Be2 h6 7. Bxf6 exf6
8. O-O f5 9. exf5 Bxf5 10. Nc4 Nc6 11. c3 Re8 12. Ne3 Bc8 13. Qb3 Ne7 14. Bc4
Rf8 15. Rfe1 c6 1/2-1/2

[Event "OHRA B tournament"]
[Site "Brussels"]
[Date "1986.12.??"]
[Round "4"]
[White "Kuligowski, Adam"]
[Black "Moulin, Pierre"]
[Result "1-0"]
[WhiteElo "2385"]
[BlackElo "2310"]
[EventDate "1986.12.13"]
[WhiteTitle "GM"]
[Source "365chess.com"]

1. Nf3 Nf6 2. c4 c5 3. g3 d5 4. Bg2 Nc6 5. cxd5 Nxd5 6. Nc3 Nc7 7. d3 e5 8. Nd2
Bd7 9. O-O Be7 10. Nc4 f6 11. f4 exf4 12. gxf4 O-O 13. Kh1 Rb8 14. Rf2 Nd4
15. e4 b5 16. Ne3 f5 17. Ned5 Bc6 18. Be3 Bxd5 19. exd5 Bf6 20. Ne2 Kh8 21. Bxd4
cxd4 22. Qb3 a5 23. a3 a4 24. Qa2 Re8 25. Rc1 Re3 26. Rc6 Bh4 27. d6 Ne6 28. Ng3
Qd7 29. Qd5 Rd8 30. Rf3 Rxf3 31. Bxf3 Nxf4 32. Qxf5 Qxf5 33. Nxf5 Bf6 34. Be4 g6
35. Nh6 Rf8 36. Ng4 Bd8 37. d7 Kg7 38. Ne5 Nh3 39. Rc8 Ng5 40. Nc6 Nxe4 41. Nxd8
Nc5 42. Kg2 h5 43. Kg3 Kf6 44. Ne6 Kxe6 45. Rxf8 Kxd7 46. Rf4 Ne6 47. Rf6 Nc5
48. Rb6 Nxd3 49. Rxb5 Kc6 50. Rg5 Nxb2 51. Kf3 Kd6 52. h4 Nc4 53. Ke4 Nd2+
54. Kd3 Nf3 55. Rxg6+ Ke5 56. Rh6 Nxh4 57. Rxh5+ Nf5 58. Rg5 Ke6 59. Rg6+ Kd5
60. Ra6 Nd6 61. Ra5+ Kc6 62. Rxa4 Nb5 63. Rc4+ Kb6 64. a4 Nd6 65. Rxd4 Nb7
66. Rh4 Nc5+ 67. Kc3 Na6 68. Rh5 Nc5 69. a5+ 1-0

[Event "OHRA B tournament"]
[Site "Brussels"]
[Date "1986.12.??"]
[Round "4"]
[White "Pein, Malcolm Bernard"]
[Black "García Palermo, Carlos"]
[Result "1/2-1/2"]
[WhiteElo "2340"]
[BlackElo "2515"]
[EventDate "1986.12.13"]
[WhiteTitle "IM"]
[BlackTitle "GM"]
[Source "365chess.com"]

1. d4 d5 2. c4 dxc4 3. Nf3 c5 4. d5 e6 5. Nc3 Nf6 6. e4 exd5 7. e5 Ne4 8. Nxd5
b5 9. b3 Qa5+ 10. Bd2 Nxd2 11. Qxd2 Qxd2+ 12. Nxd2 Na6 13. bxc4 Be6 14. O-O-O
1/2-1/2

[Event "OHRA B tournament"]
[Site "Brussels"]
[Date "1986.12.??"]
[Round "4"]
[White "Watson, William Nicholas"]
[Black "Karólyi, Tibor"]
[Result "1-0"]
[WhiteElo "2495"]
[BlackElo "2410"]
[EventDate "1986.12.13"]
[WhiteTitle "IM"]
[BlackTitle "IM"]
[Source "365chess.com"]

1. e4 c5 2. Nc3 d6 3. f4 Nc6 4. Nf3 a6 5. d4 cxd4 6. Nxd4 Nf6 7. Be2 Qc7 8. Be3
e6 9. Qd2 Na5 10. O-O-O Be7 11. g4 Nc4 12. Bxc4 Qxc4 13. Qg2 Nd7 14. Kb1 Qc7
15. Nf5 exf5 16. Nd5 Qc6 17. gxf5 Bf6 18. Nxf6+ gxf6 19. Qg7 Rf8 20. Rhe1 b5
21. e5 Bb7 22. Rxd6 Qg2 23. Bb6 Ke7 24. Re6# 1-0

[Event "OHRA B tournament"]
[Site "Brussels"]
[Date "1986.12.??"]
[Round "5"]
[White "Defize, Alain"]
[Black "Abramović, Boško"]
[Result "0-1"]
[WhiteElo "2330"]
[BlackElo "2445"]
[EventDate "1986.12.13"]
[WhiteTitle "FM"]
[BlackTitle "GM"]
[Source "365chess.com"]

1. Nf3 Nf6 2. c4 e6 3. Nc3 d5 4. d4 Be7 5. Bg5 h6 6. Bh4 O-O 7. e3 b6 8. Rc1
Bb7 9. cxd5 exd5 10. Bd3 Nbd7 11. O-O c5 12. Qc2 a6 13. a4 Nh5 14. Bxe7 Qxe7
15. Rfd1 Nhf6 16. Bf5 Rab8 17. dxc5 bxc5 18. Ne1 Rfd8 19. Nd3 Ne5 20. Ne2 Nxd3
21. Rxd3 g6 22. Bh3 Ne4 23. Ng3 c4 24. Rd4 Nc5 25. Rb1 Bc6 26. e4 Bxa4 27. Qc3
Rb3 28. Qc1 Rd3 29. Rxd5 R8xd5 30. exd5 Rd1+ 31. Qxd1 Bxd1 32. Rxd1 Nd3 33. Nf1
Qc5 34. Ne3 f5 35. g3 a5 36. Bf1 Nxb2 37. Rc1 c3 38. Bg2 a4 39. Nd1 Nxd1
40. Rxd1 c2 41. Rc1 a3 42. d6 Qxd6 43. Rxc2 Qd1+ 0-1

[Event "OHRA B tournament"]
[Site "Brussels"]
[Date "1986.12.??"]
[Round "5"]
[White "García Palermo, Carlos"]
[Black "Kerkhof, Philippe"]
[Result "1-0"]
[WhiteElo "2515"]
[BlackElo "2215"]
[EventDate "1986.12.13"]
[WhiteTitle "GM"]
[Source "365chess.com"]

1. d4 Nf6 2. Nf3 g6 3. c4 Bg7 4. g3 c5 5. Bg2 O-O 6. O-O cxd4 7. Nxd4 Nc6
8. Nc3 Ne4 9. Nxc6 Nxc3 10. Nxd8 Nxd1 11. Nxb7 Nxb2 12. Bxb2 Bxb2 13. Rab1 Be5
14. Nd6 Ba6 15. Bxa8 Bxd6 16. Bd5 e6 17. Bf3 Bxc4 18. Rfd1 Bb8 19. Rxd7 Bxa2
20. Rb2 Bc4 21. Rdb7 Be5 22. Rc2 Bd5 23. Bxd5 exd5 24. Rxa7 d4 25. Rca2 Kg7
26. Ra8 Rxa8 27. Rxa8 g5 28. g4 Kg6 29. Ra6+ f6 30. Kg2 h5 31. h3 hxg4 32. hxg4
Bf4 33. Kf3 Bd2 34. Ke4 Be1 35. f3 Bf2 36. Rd6 Be1 37. Kd5 Bd2 38. Ke6 Bc3
39. Rd8 Bb2 40. Rg8+ Kh7 41. Kf7 1-0

[Event "OHRA B tournament"]
[Site "Brussels"]
[Date "1986.12.??"]
[Round "5"]
[White "Geenen, Marc"]
[Black "Kuligowski, Adam"]
[Result "1/2-1/2"]
[WhiteElo "2255"]
[BlackElo "2385"]
[EventDate "1986.12.13"]
[BlackTitle "GM"]
[Source "365chess.com"]

1. e4 c5 2. Nf3 d6 3. d4 cxd4 4. Nxd4 Nf6 5. Nc3 a6 6. Bg5 e6 7. f4 Qc7 8. Qf3
b5 9. Bxf6 gxf6 10. e5 Bb7 11. Qh5 dxe5 12. Nxe6 Qb6 13. Nxf8 Qe3+ 14. Qe2 Qxf4
15. Nxh7 Rxh7 16. g3 Qf3 17. Qxf3 Bxf3 18. Bd3 Rh6 19. O-O Bc6 20. Be4 b4
21. Nd5 Ra7 22. Rxf6 Rxf6 23. Nxf6+ Ke7 24. Rf1 Bxe4 25. Nxe4 Rc7 26. c3 a5
27. g4 Nd7 28. Kf2 Nc5 29. Nxc5 Rxc5 30. Rc1 Rc4 31. h3 f5 32. gxf5 Kf6 33. Ke3
Rh4 34. Rh1 bxc3 35. bxc3 Kxf5 36. Rf1+ Ke6 37. Rf3 1/2-1/2

[Event "OHRA B tournament"]
[Site "Brussels"]
[Date "1986.12.??"]
[Round "5"]
[White "Goormachtigh, Johan"]
[Black "Pein, Malcolm Bernard"]
[Result "1/2-1/2"]
[WhiteElo "2335"]
[BlackElo "2340"]
[EventDate "1986.12.13"]
[WhiteTitle "FM"]
[BlackTitle "IM"]
[Source "365chess.com"]

1. d4 Nf6 2. c4 g6 3. Nc3 d5 4. Nf3 Bg7 5. cxd5 Nxd5 6. e4 Nxc3 7. bxc3 O-O
8. Be3 c5 9. Rc1 Bg4 10. Be2 Qa5 11. Qd2 e6 12. d5 exd5 13. exd5 c4 14. O-O Nd7
15. Bd4 Qxd5 1/2-1/2

[Event "OHRA B tournament"]
[Site "Brussels"]
[Date "1986.12.??"]
[Round "5"]
[White "Karólyi, Tibor"]
[Black "Faragó, Iván"]
[Result "1/2-1/2"]
[WhiteElo "2410"]
[BlackElo "2520"]
[EventDate "1986.12.13"]
[WhiteTitle "IM"]
[BlackTitle "GM"]
[Source "365chess.com"]

1. d4 Nf6 2. c4 e6 3. Nf3 b6 4. g3 Ba6 5. b3 Bb4+ 6. Bd2 Be7 7. Bg2 d5 8. Ne5
O-O 9. O-O c6 10. Bf4 Nfd7 11. Nd2 Nxe5 12. Bxe5 Nd7 13. Bf4 Bf6 14. cxd5 cxd5
15. Nf3 Qe7 16. a4 Rfc8 17. Bc1 Qd8 18. Bb2 Be7 19. Qd2 Qf8 20. Rfc1 Bb4 21. Qd1
b5 22. axb5 Bxb5 23. e3 a5 24. Bf1 Bxf1 25. Kxf1 h6 26. Qd3 Qd6 27. Rxc8+ Rxc8
28. Rc1 Rxc1+ 29. Bxc1 Qc6 30. Bd2 Bxd2 31. Qxd2 Qb5+ 32. Kg2 Qxb3 1/2-1/2

[Event "OHRA B tournament"]
[Site "Brussels"]
[Date "1986.12.??"]
[Round "5"]
[White "Kouatly, Bachar"]
[Black "Winants, Luc"]
[Result "1/2-1/2"]
[WhiteElo "2430"]
[BlackElo "2350"]
[EventDate "1986.12.13"]
[WhiteTitle "IM"]
[BlackTitle "IM"]
[Source "365chess.com"]

1. d4 Nf6 2. c4 e6 3. Nc3 Bb4 4. Bg5 h6 5. Bh4 c5 6. d5 d6 7. e3 g5 8. Bg3 Ne4
9. Qc2 Qf6 10. Rc1 exd5 11. cxd5 Bf5 12. Bd3 Bxc3+ 13. bxc3 Qg6 14. Ke2 c4
15. Qa4+ Nd7 16. Qxc4 Ndc5 17. Bb1 O-O 18. Nf3 1/2-1/2

[Event "OHRA B tournament"]
[Site "Brussels"]
[Date "1986.12.??"]
[Round "5"]
[White "Sunyé Neto, Jaime"]
[Black "Watson, William Nicholas"]
[Result "1/2-1/2"]
[WhiteElo "2515"]
[BlackElo "2350"]
[EventDate "1986.12.13"]
[WhiteTitle "IM"]
[BlackTitle "IM"]
[Source "365chess.com"]

1. c4 g6 2. g3 Bg7 3. Bg2 Nf6 4. Nc3 O-O 5. d3 c6 6. e4 d6 7. Nge2 a6 8. O-O
Nbd7 9. b3 b5 10. Bb2 Bb7 11. Qc2 Rc8 12. h3 d5 13. f4 dxe4 14. dxe4 e5 15. f5
Qa5 16. Kh1 Rfe8 17. g4 Bh6 18. Bc1 Bxc1 19. Qxc1 Qb4 20. Ng3 Rf8 21. Qd2 Rcd8
22. Rad1 bxc4 23. g5 Ne8 24. Nd5 Qxd2 25. Ne7+ Kg7 26. Rxd2 c3 27. Rd3 f6
28. Rxc3 Nb8 29. fxg6 hxg6 30. Rc5 Kf7 31. Rxe5 Nd7 32. Nxg6 Kxg6 33. Re7 Rf7
34. gxf6 Rxf6 35. Rd1 Rf7 36. Rdxd7 Rxd7 37. Rxe8 Rd1+ 38. Kh2 Rf2 39. Nf5 Rxa2
40. Rg8+ Kf6 41. Rb8 Rdd2 42. Nh4 Rd7 43. Kg3 Rb2 44. Bf3 Rxb3 45. Kf4 Rb4
46. Nf5 Rd3 1/2-1/2

[Event "OHRA B tournament"]
[Site "Brussels"]
[Date "1986.12.??"]
[Round "6"]
[White "Boey, Jozef Martin"]
[Black "García Palermo, Carlos"]
[Result "0-1"]
[WhiteElo "2390"]
[BlackElo "2515"]
[EventDate "1986.12.13"]
[WhiteTitle "IM"]
[BlackTitle "GM"]
[Source "365chess.com"]

1. e4 c5 2. Nf3 Nf6 3. e5 Nd5 4. Nc3 e6 5. Nxd5 exd5 6. d4 Nc6 7. Be2 d6 8. Bg5
Be7 9. Bxe7 Qxe7 10. exd6 Qxd6 11. O-O c4 12. Re1 O-O 13. b3 cxb3 14. axb3 Bg4
15. h3 Bxf3 16. Bxf3 Rac8 17. c3 b6 18. Re3 g6 19. Qe2 Kg7 20. b4 Rc7 21. Re1
Rd8 22. b5 Na5 23. Re5 Qf6 24. Rxd5 Rxd5 25. Bxd5 Rxc3 26. Qd2 Rc7 27. Qb4 Rc2
28. f3 Qg5 29. g4 Qf4 30. Kf1 Qh2 0-1

[Event "OHRA B tournament"]
[Site "Brussels"]
[Date "1986.12.??"]
[Round "6"]
[White "Faragó, Iván"]
[Black "Sunyé Neto, Jaime"]
[Result "1/2-1/2"]
[WhiteElo "2520"]
[BlackElo "2515"]
[EventDate "1986.12.13"]
[WhiteTitle "GM"]
[BlackTitle "IM"]
[Source "365chess.com"]

1. d4 Nf6 2. c4 e6 3. Nf3 Bb4+ 4. Bd2 Bxd2+ 5. Qxd2 d5 6. Qc2 O-O 7. g3 c5
8. dxc5 Qa5+ 9. Nbd2 Qxc5 10. Rc1 Nc6 11. Bg2 e5 12. cxd5 Qxd5 13. Qb3 Qa5
14. Qa3 Qxa3 15. bxa3 Be6 16. Nb3 e4 17. Nfd2 Bd5 18. O-O Rac8 19. e3 Ne5
20. Rxc8 Rxc8 21. Rc1 Rxc1+ 22. Nxc1 Nc4 23. Nb1 Nd6 24. Nc3 Bc4 1/2-1/2

[Event "OHRA B tournament"]
[Site "Brussels"]
[Date "1986.12.??"]
[Round "6"]
[White "Kerkhof, Philippe"]
[Black "Pergericht, Daniel"]
[Result "1/2-1/2"]
[WhiteElo "2215"]
[BlackElo "2345"]
[EventDate "1986.12.13"]
[Source "365chess.com"]

1. e4 e5 2. Nf3 Nf6 3. Nxe5 d6 4. Nf3 Nxe4 5. c4 Be7 6. Nc3 Nxc3 7. dxc3 O-O
8. Bd3 Nc6 9. Qc2 g6 10. O-O Bf6 11. Bh6 1/2-1/2

[Event "OHRA B tournament"]
[Site "Brussels"]
[Date "1986.12.??"]
[Round "6"]
[White "Kuligowski, Adam"]
[Black "Kouatly, Bachar"]
[Result "1-0"]
[WhiteElo "2385"]
[BlackElo "2430"]
[EventDate "1986.12.13"]
[WhiteTitle "GM"]
[BlackTitle "IM"]
[Source "365chess.com"]

1. c4 Nf6 2. Nc3 e5 3. a3 c6 4. Nf3 e4 5. Nd4 b5 6. cxb5 c5 7. Nc2 d5 8. d3
exd3 9. exd3 d4 10. Ne4 Nxe4 11. dxe4 Be6 12. b4 Qh4 13. Be2 Nd7 14. O-O Ne5
15. f4 Ng4 16. h3 h5 17. Rf3 Rd8 18. Qf1 f5 19. exf5 Bxf5 20. Bd3 Nh6 21. Bd2
Be7 22. Re1 O-O 23. bxc5 Bxc5 24. Nb4 Rde8 25. Rxe8 Rxe8 26. Bxf5 Bxb4 27. Qc4+
Kh8 28. Bxb4 Nxf5 29. Qf7 Re1+ 30. Bxe1 Qxe1+ 31. Kh2 Ne3 32. Qxh5+ Kg8 33. Qe8+
Kh7 34. Qe4+ Kg8 35. Qxd4 Nf1+ 36. Rxf1 Qxf1 37. a4 Qe2 38. Qxa7 Qe4 39. Qb8+
Kh7 40. Qe5 Qxa4 41. b6 Qb4 42. Qc7 Kg6 43. b7 1-0

[Event "OHRA B tournament"]
[Site "Brussels"]
[Date "1986.12.??"]
[Round "6"]
[White "Moulin, Pierre"]
[Black "Defize, Alain"]
[Result "1/2-1/2"]
[WhiteElo "2310"]
[BlackElo "2380"]
[EventDate "1986.12.13"]
[BlackTitle "FM"]
[Source "365chess.com"]

1. Nf3 Nf6 2. d4 d6 3. Nc3 Bf5 4. Bg5 Nbd7 5. Nh4 Bg6 6. Nxg6 hxg6 7. e4 c6
8. d5 Nc5 9. Qf3 e5 10. dxe6 Nxe6 11. Be3 Qa5 12. Bc4 Ng5 13. Qe2 Ngxe4 14. Bd2
Qe5 15. O-O-O O-O-O 16. Bxf7 Nxc3 17. Qxe5 Nxa2+ 18. Bxa2 dxe5 19. Bc3 Bd6
20. Rde1 e4 21. Bxf6 gxf6 22. Rxe4 f5 23. Re6 Rxh2 24. Rxh2 Bf4+ 25. Re3 Bxh2
26. Rf3 Be5 27. Rd3 Rh8 28. Be6+ Kc7 29. Rh3 Rxh3 30. gxh3 Kd6 31. Bf7 g5 32. b3
Bd4 33. f3 a5 34. Kd2 b5 35. Kd3 Be5 36. Bg6 a4 37. bxa4 bxa4 38. Kc4 a3 39. Kb3
Bb2 40. Bxf5 Ke5 1/2-1/2

[Event "OHRA B tournament"]
[Site "Brussels"]
[Date "1986.12.??"]
[Round "6"]
[White "Pein, Malcolm Bernard"]
[Black "Geenen, Marc"]
[Result "1/2-1/2"]
[WhiteElo "2340"]
[BlackElo "2255"]
[EventDate "1986.12.13"]
[WhiteTitle "IM"]
[Source "365chess.com"]

1. Nf3 Nc6 2. d4 d5 3. c4 Bg4 4. Nc3 Nf6 5. cxd5 Nxd5 6. e4 Nxc3 7. bxc3 e5
8. d5 Nb8 9. Qa4+ Nd7 10. Nxe5 Qf6 11. Nxg4 Qxc3+ 12. Kd1 Qxa1 13. Bb5 O-O-O
14. Bxd7+ Rxd7 15. Qxa7 c6 16. Ke2 Qb1 17. Qa8+ Kc7 18. Bf4+ Bd6 19. Qa5+ Qb6
20. Bxd6+ Rxd6 21. Qxb6+ Kxb6 22. Ne5 Ra8 23. Nc4+ 1/2-1/2

[Event "OHRA B tournament"]
[Site "Brussels"]
[Date "1986.12.??"]
[Round "6"]
[White "Watson, William Nicholas"]
[Black "Gutman, Lev"]
[Result "1-0"]
[WhiteElo "2495"]
[BlackElo "2460"]
[EventDate "1986.12.13"]
[WhiteTitle "IM"]
[BlackTitle "GM"]
[Source "365chess.com"]

1. Nc3 c5 2. e4 d6 3. f4 a6 4. Nf3 e6 5. d4 cxd4 6. Nxd4 Nf6 7. Be2 Qc7 8. Be3
b5 9. Bf3 Bb7 10. e5 dxe5 11. Bxb7 Qxb7 12. fxe5 Nfd7 13. O-O Nxe5 14. Qh5 Ng6
15. Qh3 Be7 16. Rxf7 e5 17. Rxe7+ Qxe7 18. Nf5 Qc7 19. Nd5 Qd7 20. Nxg7+ Kf7
21. Rf1+ Nf4 22. Rxf4+ exf4 23. Qh5+ Kxg7 24. Bd4+ Kf8 25. Bc5+ Kg7 26. Qg5+ Kf7
27. Qf6+ 1-0

[Event "OHRA B tournament"]
[Site "Brussels"]
[Date "1986.12.??"]
[Round "7"]
[White "Abramović, Boško"]
[Black "Watson, William Nicholas"]
[Result "0-1"]
[WhiteElo "2445"]
[BlackElo "2495"]
[EventDate "1986.12.13"]
[WhiteTitle "GM"]
[BlackTitle "IM"]
[Source "365chess.com"]

1. e4 c6 2. d4 d5 3. Nd2 dxe4 4. Nxe4 Nd7 5. Bc4 Ngf6 6. Ng5 e6 7. Qe2 Nb6
8. Bb3 h6 9. N5f3 a5 10. a4 c5 11. Bf4 Bd6 12. Bg3 O-O 13. dxc5 Bxg3 14. hxg3
Nbd7 15. Ne5 Nxe5 16. Qxe5 Nd7 17. Qd6 Ra6 18. Qd4 Rc6 19. O-O-O Qc7 20. Nf3
Nxc5 21. Bc4 Nxa4 22. Bd3 Nc5 23. Bc4 b5 24. Ba2 Na6 25. Rd2 Nb4 26. Bb1 Rc4
27. Qe5 Bb7 28. c3 Bxf3 29. Qxc7 Rxc7 30. gxf3 Nd5 31. Kd1 a4 32. Ba2 Nf6
33. Rh4 a3 34. Kc2 Rfc8 35. Rd3 axb2 36. Kxb2 Rc5 37. Rhd4 g5 38. Bb3 Kg7
39. Rd6 Re5 40. Rd2 Rec5 41. R2d3 Re5 42. Rd2 Rcc5 43. R6d4 Rf5 44. R2d3 Nd5
45. c4 Nb4 46. Rc3 Nc6 47. Re4 bxc4 48. Bxc4 Ne5 49. f4 gxf4 50. gxf4 Nxc4+
51. Rcxc4 Rxc4 52. Rxc4 h5 53. Kc3 Rd5 54. Rb4 h4 55. Rb1 Kg6 56. Rh1 Rh5
57. Kd4 Kf5 58. Ke3 h3 59. Kf3 h2 60. Kg3 Rh8 61. Kf3 Rh3+ 62. Kg2 Kg4 63. f5 e5
64. f6 Rh6 0-1

[Event "OHRA B tournament"]
[Site "Brussels"]
[Date "1986.12.??"]
[Round "7"]
[White "Flear, Glenn Curtis"]
[Black "Kouatly, Bachar"]
[Result "1/2-1/2"]
[WhiteElo "2505"]
[BlackElo "2430"]
[EventDate "1986.12.13"]
[WhiteTitle "IM"]
[BlackTitle "IM"]
[Source "365chess.com"]

1. d4 Nf6 2. c4 g6 3. Nc3 d5 4. Nf3 Bg7 5. Bg5 dxc4 6. e4 c5 7. d5 b5 8. e5 b4
9. exf6 exf6 10. Qe2+ Kf8 11. Be3 bxc3 12. Bxc5+ Kg8 13. bxc3 Nd7 14. Be7 Qe8
15. Bb4 Bb7 16. O-O-O Nb6 17. Qxe8+ Rxe8 18. d6 Bf8 19. d7 Rd8 20. Bxf8 Kxf8
21. Rd4 Bd5 22. Nd2 Rxd7 23. Nxc4 Ke7 24. Nxb6 axb6 25. Bc4 Bxg2 26. Re1+ Kd8
27. Bxf7 Rxd4 28. cxd4 Kd7 29. Kd2 Ra8 30. Bb3 Bh3 31. Kc3 Kd6 32. Kb4 Bd7
33. Re3 g5 34. Rf3 Rf8 35. Bc4 h5 36. Ra3 g4 37. Ra7 h4 1/2-1/2